00670nam a2200193 i 450000100060000000300090000600500170001500700030003200800410003510000310007624500970010725000150020426000360021930000220025570000280027785200320030599900170033795201220035420784ES-MaACL20230906152349.0t|021118s1973 sp ||||1| spa d1 aAitmatov, Chinguiz.91900313aLa nave blanca b: novela / cChinguiz Aitmatov ; [traducción del ruso por Augusto Vidal]. a[1ª ed.]. aBarcelona : bPlaneta, c[1973] a221 p. ; c19 cm.1 aVidal, Augusto.9185480 aES-MaACLjC-55523 bR.88135 c20784d20784 00104070aATENEOMbATENEOMcDEPO2d2008-01-17eSCl0oC-55523p1021345r2023-02-23 00:00:00w2023-02-23yMONOGRAFIA